Представление документа в формате MARC21

Поле Инд. ПП Название Значение
Тип записи a
Библиографический уровень m
001 Контрольный номер RU/IS/BASE/375549765
005 Дата корректировки 20220708110805.1
020 a ISBN 5-256-00662-2
040 b Код языка каталог. rus
041 0_ a Код языка текста rus
080 a Индекс УДК 621.373.8
084 a Индекс другой классификации/Индекс ББК 32.86-5
090 a Полочн. индекс 621.373
c Каталожный индекс 621.373.8
x Авторский знак П53
097 b Оператор 11
245 10 a Заглавие Полупроводниковые инжекционные лазеры
b Продолж. заглавия динамика, модуляция, спектры
c Ответственность Д. ван дер Зил [и др.] ; пер. с англ. ; под ред. Л. А. Ривлина
260 a Место издания М.
b Издательство Радио и связь
c Дата издания 1990
300 a Объем 319 с.
b Иллюстрации/ тип воспроизводства ил.
510 a Примечание о ссылках Книги и методические пособия
650 a Основная рубрика 47.35 Квантовая электроника
x Основная подрубрика 47.35.31 Лазеры
653 a Ключевые слова лазеры
901 t Тип документа m